000 00802nam a2200253Ia 4500
003 OSt
005 20220918105906.0
006 a|||||r|||| 00| 0
007 ta
008 220915b |||||||| |||| 00| 0 eng d
020 _a978 1 84887 670 5 (hbk)
_c899
024 _a275220
037 _b228, 16/03/2012, University Book House
_cReference Collections
040 _aARTS
_cARTS
_beng
041 _2eng
_aeng
082 _aV1:76, Q1(RR)
100 _aFurtado Peter
_94599
245 0 _aHistory's daybooks
_b A history of the world in 366 quotations
260 _aLondon
_bAtlantic Books UK
_c2011
300 _a488p.
650 _aHISTORY
942 _hV1:76, Q1(RR)
_cREF
999 _c110053
_d110053